[Event "HUN-chT4a 1819"]
[Site "Hungary"]
[Date "2019.01.12"]
[Round "6.2"]
[White "Bakos, Beno"]
[Black "Mokcsay, Attila"]
[Result "1-0"]
[WhiteElo "1240"]
[BlackElo "1249"]
[PlyCount "91"]
[EventDate "2018.10.06"]
[EventType "team-tourn"]
[EventRounds "9"]
[EventCountry "HUN"]
[SourceTitle "EXT 2020"]
[Source "ChessBase"]
[SourceDate "2019.10.17"]
[SourceVersion "1"]
[SourceVersionDate "2019.10.17"]
[SourceQuality "1"]
[WhiteTeam "Gyor Bastya"]
[BlackTeam "Janossomorja"]
[WhiteTeamCountry "HUN"]
[BlackTeamCountry "HUN"]

1. c4 e5 2. Nc3 Nf6 3. Nf3 d6 4. d3 h6 5. h3 a6 6. e3 b6 7. d4 e4 8. Nd2 Bf5 9. Be2 g5 10. f3 d5 11. cxd5 exf3 12. Bxf3 Bd6 13. e4 Bg3+ 14. Kf1 Bg6 15. Qe2 h5 16. Kg1 h4 17. Nf1 Nh5 18. Bxh5 Bxh5 19. Nxg3 Bxe2 20. Ngxe2 0-0 21. Kh2 c6 22. Rf1 f6 23. Rf5 b5 24. a3 Qc7+ 25. Kg1 Nd7 26. dxc6 Qxc6 27. Nd5 Rae8 28. Nec3 Nb6 29. Nb4 Qc4 30. Be3 a5 31. Nbd5 Nxd5 32. Rxd5 Qd3 33. Bf2 Qc2 34. Rxb5 Rb8 35. a4 Rxb5 36. Nxb5 Qxb2 37. Ra3 Qc1+ 38. Kh2 Rc8 39. Rf3 Kg7 40. e5 Rc6 41. d5 Ra6 42. exf6+ Kf7 43. Be3 Qb2 44. Bxg5 Qe5+ 45. Bf4 Qxd5 46. Nc7 1-0

[Event "HUN-chT4 Chalupetzky 1819"]
[Site "Hunagry"]
[Date "2018.12.16"]
[Round "4.2"]
[White "Bindics, Krisztian"]
[Black "Bakos, Beno"]
[Result "0-1"]
[WhiteElo "1264"]
[BlackElo "1208"]
[PlyCount "56"]
[EventDate "2018.10.14"]
[EventType "team-tourn"]
[EventRounds "10"]
[EventCountry "HUN"]
[SourceTitle "EXT 2020"]
[Source "ChessBase"]
[SourceDate "2019.10.17"]
[SourceVersion "1"]
[SourceVersionDate "2019.10.17"]
[SourceQuality "1"]
[WhiteTeam "Fertoszentmiklos"]
[BlackTeam "Gyor Bastya"]
[WhiteTeamCountry "HUN"]
[BlackTeamCountry "HUN"]

1. e4 c5 2. Nf3 Nc6 3. Bb5 e6 4. Bxc6 bxc6 5. c4 d5 6. Qa4 Qc7 7. exd5 exd5 8. cxd5 Bd7 9. Qe4+ Be7 10. Nc3 Nf6 11. Qe5 Qxe5+ 12. Nxe5 cxd5 13. Nxd7 Kxd7 14. d3 Rhe8 15. 0-0 h6 16. Bf4 a6 17. Be5 Kc6 18. b3 g6 19. h3 Nd7 20. Bh2 Bf6 21. Rac1 Re6 22. Na4 a5 23. Rc2 Rae8 24. Bf4 g5 25. Bh2 Re2 26. Rxe2 Rxe2 27. Rc1 Rxa2 28. Nc3 Bxc3 0-1

[Event "HUN-chT4 Chalupetzky 1819"]
[Site "Hunagry"]
[Date "2018.11.25"]
[Round "3.1"]
[White "Bakos, Beno"]
[Black "Halmai, Florian"]
[Result "1-0"]
[WhiteElo "1176"]
[BlackElo "1436"]
[PlyCount "63"]
[EventDate "2018.10.14"]
[EventType "team-tourn"]
[EventRounds "10"]
[EventCountry "HUN"]
[SourceTitle "EXT 2020"]
[Source "ChessBase"]
[SourceDate "2019.10.17"]
[SourceVersion "1"]
[SourceVersionDate "2019.10.17"]
[SourceQuality "1"]
[WhiteTeam "Gyor Bastya"]
[BlackTeam "Lovo"]
[WhiteTeamCountry "HUN"]
[BlackTeamCountry "HUN"]

1. c4 e5 2. Nc3 Nf6 3. Nf3 c6 4. Nxe5 Bb4 5. e3 0-0 6. d4 Qa5 7. Bd2 d6 8. Nd3 c5 9. a3 Bxc3 10. Bxc3 Qc7 11. d5 Nbd7 12. Be2 a6 13. 0-0 b5 14. b3 Ne4 15. Bb2 f5 16. f3 Ng5 17. Qd2 Nf6 18. Nf2 bxc4 19. bxc4 a5 20. Bd3 Qe7 21. Rae1 h6 22. e4 fxe4 23. fxe4 Bd7 24. e5 dxe5 25. Bxe5 Qf7 26. Bd6 Rfc8 27. Re7 Qh5 28. Qc2 Be8 29. Ne4 Ng4 30. Nxg5 Qxg5 31. Bh7+ Kh8 32. Rf8# 1-0

[Event "HUN-chT4 1718"]
[Site "Hungary"]
[Date "2017.11.25"]
[Round "3.18"]
[White "Bakos, Hunor"]
[Black "Bakos, Beno"]
[Result "1-0"]
[WhiteElo "1480"]
[BlackElo "1115"]
[PlyCount "135"]
[EventDate "2017.10.28"]
[EventType "team-tourn"]
[EventRounds "9"]
[EventCountry "HUN"]
[SourceTitle "EXT 2020"]
[Source "ChessBase"]
[SourceDate "2019.10.17"]
[SourceVersion "1"]
[SourceVersionDate "2019.10.17"]
[SourceQuality "1"]

1. e4 c5 2. Nf3 Nc6 3. c3 g6 4. Bc4 e6 5. d4 d5 6. exd5 exd5 7. Bb5 c4 8. 0-0 Bg7 9. Bg5 Nf6 10. Ne5 Qc7 11. Re1 0-0 12. Bxc6 bxc6 13. Nd2 Bf5 14. Bf4 Qb7 15. b3 cxb3 16. Nxb3 Ne4 17. Qc1 Rfe8 18. Na5 Qb6 19. Naxc6 f6 20. Rb1 Qa6 21. Nb4 Qc8 22. Nf3 Qc4 23. Rb3 a5 24. Nc2 a4 25. Ne3 Qc6 26. Rb2 Be6 27. Nd2 g5 28. Bg3 f5 29. Nxe4 dxe4 30. f4 exf3 31. d5 Bxd5 32. Nxf5 Qxc3 33. Rxe8+ Rxe8 34. Rc2 Bd4+ 35. Nxd4 Qxd4+ 36. Bf2 Qe5 37. Rc5 fxg2 38. Qd2 Rd8 39. Be3 h6 40. Bf2 Kf7 41. Bg3 Qf5 42. Qe2 Rd7 43. a3 Re7 44. Qd1 Qe4 45. Rxd5 Rb7 46. Rd7+ Kg6 47. Rxb7 Qxb7 48. Qxa4 h5 49. Qc2+ Kh6 50. Qxg2 Qb1+ 51. Qf1 Qb3 52. Qf6+ Kh7 53. Qxg5 Qd1+ 54. Kg2 Qe2+ 55. Kh3 Qe6+ 56. Kh4 Qe4+ 57. Kxh5 Qe8+ 58. Kh4 Qe4+ 59. Bf4 Qe1+ 60. Kh5 Qd1+ 61. Qg4 Qd5+ 62. Qg5 Qf3+ 63. Qg4 Qd5+ 64. Kh4 Qd8+ 65. Bg5 Qd3 66. a4 Qc2 67. Qf4 Qc3 68. Qf7+ 1-0